Detalles MARC
| 000 -LIDER |
| fixed length control field |
01910nam a2200421 a 4500 |
| 001 - NÚMERO DE CONTROL |
| Identificador de número de control |
000002056 |
| 003 - IDENTIFICACDOR DE NÚMERO DE CONTROL |
| control field |
DO-SdBNP |
| 005 - DATE AND TIME OF LATEST TRANSACTION |
| control field |
20180510144150.0 |
| 007 - CAMPOS FIJOS DE DESCRIPCIÓN FÍSICA |
| fixed length control field |
000002056 |
| 008 - ELEMENTOS DE LONGITUD FIJA |
| fixed length control field |
090630t2011 dr a 001 j spa d |
| 020 ## - ISBN |
| International Standard Book Number |
9993498653 |
| 040 ## - FUENTE DE CATALOGACIÓN |
| Agencia que crea de manera original el registro |
BPMSU |
| Idioma de catalogación |
spa |
| Agencia que realiza la transcripción |
BPMSU |
| 092 ## - LOCALLY ASSIGNED DEWEY DECIMAL CALL NUMBER |
| Número de clasificación |
RD863.4208 |
| Número de ítem (Cutter) |
C112L, 2011 |
| 245 00 - MENCIÓN DE TITULO |
| Título |
Caballo loco y otros cuentos / |
| Mención de responsabilidad |
Rafael A. Deligne... [et al.]. ; selección de Andrés Blanco Díaz. |
| 260 ## - PUBLICACIÓN, DISTRIBUCIÓN, ETC. (PIE DE IMPRENTA) |
| Lugar de publicación, distribución, etc |
Santo Domingo : |
| Nombre del editor, distribuidor, etc. |
Alfaguara, |
| Fecha de publicación, distribución, etc |
2004 |
| Fecha de impresión |
reimpr. 2008 |
| 300 ## - DESCRIPCIÓN FÍSICA |
| Extensión |
125 p. : |
| Otros detalles físicos |
il. ; |
| Dimensiones |
21 cm. |
| 490 ## - MENCIÓN DE SERIES |
| Mención de serie |
Alfaguara juvenil |
| 500 ## - NOTA GENERAL |
| Nota general |
|
| 505 0# - NOTA DE CONTENIDO |
| Título |
El encargo difícil / |
| Mención de responsabilidad |
Rafael A. Deligne -- |
| Título |
Los diamantes / |
| Mención de responsabilidad |
Virginia Elena Ortea -- |
| Título |
Muertos y duendes / |
| Mención de responsabilidad |
José Ramón López -- |
| Título |
El alma de la laguna / |
| Mención de responsabilidad |
Ulises Heureaux, hijo -- |
| Título |
La sombra / |
| Mención de responsabilidad |
Pedro Henríquez Ureña -- |
| Título |
La sombra / |
| Mención de responsabilidad |
Max Henríquez Ureña -- |
| Título |
La princesa de los cabellos platinados / |
| Mención de responsabilidad |
Virginia de Peña de Bordas -- |
| Título |
Deleite / |
| Mención de responsabilidad |
Tomás Hernández Franco -- |
| Título |
Paiba y Gandolfito / |
| Mención de responsabilidad |
J. M. Sanz Lajara -- |
| Título |
Fichas biográficas -- |
| -- |
Actividades. |
| 650 #4 - ENCABEZAMIENTO DE MATERIA--TEMÁTICO |
| Término temático o nombre geográfico como elemento de entrada |
CUENTOS INFANTILES DOMINICANOS |
| Subdivisión temática general |
COLECCIONES |
| 650 #4 - ENCABEZAMIENTO DE MATERIA--TEMÁTICO |
| Término temático o nombre geográfico como elemento de entrada |
CUENTOS DOMINICANOS |
| Subdivisión temática general |
COLECCIONES |
| 650 #4 - ENCABEZAMIENTO DE MATERIA--TEMÁTICO |
| Término temático o nombre geográfico como elemento de entrada |
LITERATURA INFANTIL DOMINICANA |
| 650 #4 - ENCABEZAMIENTO DE MATERIA--TEMÁTICO |
| Término temático o nombre geográfico como elemento de entrada |
LITERATURA DOMINICANA |
| 700 1# - ASIENTO SECUNDARIO -- NOMBRE PERSONAL |
| Nombre personal |
Deligne, Rafael A., |
| Fechas asociadas con el nombre |
1863-1902 |
| 700 1# - ASIENTO SECUNDARIO -- NOMBRE PERSONAL |
| Nombre personal |
Ortea, Virginia Elena, |
| Fechas asociadas con el nombre |
1866-1903 |
| 700 1# - ASIENTO SECUNDARIO -- NOMBRE PERSONAL |
| Nombre personal |
López, José Ramón, |
| Fechas asociadas con el nombre |
1866-1922 |
| 700 1# - ASIENTO SECUNDARIO -- NOMBRE PERSONAL |
| Nombre personal |
Heureaux, hijo, Ulises, |
| Fechas asociadas con el nombre |
1870-1938 |
| 700 1# - ASIENTO SECUNDARIO -- NOMBRE PERSONAL |
| Nombre personal |
Henríquez Ureña, Pedro, |
| Fechas asociadas con el nombre |
1884-1946 |
| 700 1# - ASIENTO SECUNDARIO -- NOMBRE PERSONAL |
| Nombre personal |
Henríquez Ureña, Max, |
| Fechas asociadas con el nombre |
1885-1968 |
| 700 1# - ASIENTO SECUNDARIO -- NOMBRE PERSONAL |
| Nombre personal |
Peña de Bordas, Virginia de, |
| Fechas asociadas con el nombre |
1904-1948 |
| 700 1# - ASIENTO SECUNDARIO -- NOMBRE PERSONAL |
| Nombre personal |
Hernández Franco, Tomás, |
| Fechas asociadas con el nombre |
1904-1952 |
| 700 1# - ASIENTO SECUNDARIO -- NOMBRE PERSONAL |
| Nombre personal |
Sanz Lajara, J. M., |
| Fechas asociadas con el nombre |
1917-1963 |
| 700 1# - ASIENTO SECUNDARIO -- NOMBRE PERSONAL |
| Nombre personal |
Blanco Díaz, Andrés, |
| Mención de responsabilidad |
comp. |
| 910 ## - VALIDACIÓN |
| Validación |
Validado. Control de calidad EMS. |
| 942 ## - ADDED ENTRY ELEMENTS (KOHA) |
| Source of classification or shelving scheme |
Dewey Decimal Classification |
| Koha item type |
Libros |
| 945 ## - INFORMACIÓN DE PROCESAMIENTO LOCAL |
| Información de procesamiento local |
Inventariado, 2018 /VM |
| 956 ## - LOCAL ELECTRONIC LOCATION AND ACCESS (OCLC) |
| Nombre de host |
VMATEO |
| Número de acceso |
10 |
| Información de compresión |
20150520 |
| Inicio de sesión |
BPMSU |
| Procesador de solicitud |
0069 |